000
00209nam a2200097Ia 4500
008
220204s9999 xx 000 0 und d
082
_a
82-3
_b
BRA
100
_a
Braun, Matthew
245
0
_a
Kincaids
942
_c
BK
999
_c
33467
_d
33467